Téli este [vers] /
Elmentve itt :
| Szerző: | |
|---|---|
| Dokumentumtípus: | Cikk |
| Megjelent: |
1954
|
| Sorozat: | Tiszatáj
8 No. 1 |
| Kulcsszavak: | Magyar irodalom - vers |
| Online Access: | http://tiszataj.bibl.u-szeged.hu/3115 |
| LEADER | 00557nab a2200181 i 4500 | ||
|---|---|---|---|
| 001 | tisza3115 | ||
| 005 | 20200330123231.0 | ||
| 008 | 161125s1954 hu o 0|| hun d | ||
| 022 | |a 0133-1167 | ||
| 040 | |a SZTE Tiszatáj Archívum |b hun | ||
| 041 | |a hun | ||
| 100 | 1 | |a Gurszky István | |
| 245 | 1 | 0 | |a Téli este |h [elektronikus dokumentum] : |b [vers] / |c Gurszky István |
| 260 | |c 1954 | ||
| 300 | |a 37 | ||
| 490 | 0 | |a Tiszatáj |v 8 No. 1 | |
| 695 | |a Magyar irodalom - vers | ||
| 856 | 4 | 0 | |u http://tiszataj.bibl.u-szeged.hu/3115/1/tiszataj_1954_001_037.pdf |z Dokumentum-elérés |